Statistics for music trivia: 2011 songs and artists

Click here to take the quiz!

General Stats

  • This quiz has been taken 110 times
    (90 since last reset)
  • The average score is 5 of 15

Answer Stats

This 2011 song was done by......which band or artist?% Correct
FireworkKaty Perry
93%
Only Girl (In the World)Rihanna
87%
Born This WayLady Gaga
84%
Pumped Up KicksFoster the People
48%
Love You Like a Love SongSelena Gomez
48%
Till the World EndsBritney Spears
36%
Best Thing I Never HadBeyonce
35%
Back to DecemberTaylor Swift
35%
Good LifeOneRepublic
25%
If I Die YoungThe Band Perry
19%
Lonely BoyThe Black Keys
13%
HoloceneBon Iver
7%
GalaxiesOwl City
4%
Barton HollowThe Civil Wars
1%
Good ManRaphael Saadiq
0%

Score Distribution

Percentile by Number Answered

Percent of People with Each Score

Your Score History

You have not taken this quiz since the last reset